Garner's Environmental Law 1 : (Record no. 5260)

MARC details
000 -LEADER
fixed length control field 01314nam a22002177a 4500
008 - FIXED-LENGTH DATA ELEMENTS--GENERAL INFORMATION
fixed length control field 130223t xxu||||| |||| 00| 0 eng d
020 ## - INTERNATIONAL STANDARD BOOK NUMBER
International Standard Book Number 9-7804-0699-6152
082 ## - DEWEY DECIMAL CLASSIFICATION NUMBER
Edition number 22 ed.
Classification number 344.046
Item number GAR
100 ## - MAIN ENTRY--PERSONAL NAME
Personal name Garner
9 (RLIN) 6911
245 ## - TITLE STATEMENT
Title Garner's Environmental Law 1 :
Remainder of title updated to issue 102 october 2012 Book block 1 of 5 /
Statement of responsibility, etc Garner
260 ## - PUBLICATION, DISTRIBUTION, ETC. (IMPRINT)
Place of publication, distribution, etc United Kingdom :
Name of publisher, distributor, etc LexisNexis
Date of publication, distribution, etc 2012
300 ## - PHYSICAL DESCRIPTION
Extent xxxiii, 2194 P. ;
Dimensions 25 cm.
650 ## - SUBJECT ADDED ENTRY--TOPICAL TERM
Topical term or geographic name as entry element Environmental Law
9 (RLIN) 6897
650 ## - SUBJECT ADDED ENTRY--TOPICAL TERM
Topical term or geographic name as entry element Garner's Environmental Law 1
9 (RLIN) 6912
942 ## - ADDED ENTRY ELEMENTS (KOHA)
Source of classification or shelving scheme Dewey Decimal Classification
Item type Books
Holdings
Withdrawn status Lost status Source of classification or shelving scheme Damaged status Not for loan Home library Current library Shelving location Date acquired Total Checkouts Full call number Barcode Date last seen Copy number Price effective from Koha item type Public note
    Dewey Decimal Classification     Law Development Centre Main Library Law Development Centre Main Library Text Books and Laws 02/23/2013   344.046 GAR 4267/2013 02/23/2013 1 02/23/2013 Books Reserve
    Dewey Decimal Classification     Law Development Centre Main Library Law Development Centre Main Library Text Books and Laws 02/23/2013   344.046 GAR 4268/2013 02/23/2013 2 02/23/2013 Books Reserve
    Dewey Decimal Classification     Law Development Centre Main Library Law Development Centre Main Library Text Books and Laws 02/23/2013   344.046 GAR 4269/2013 02/23/2013 3 02/23/2013 Books Reserve
    Dewey Decimal Classification     Law Development Centre Main Library Law Development Centre Main Library Text Books and Laws 02/23/2013   344.046 GAR 4270/2013 02/23/2013 4 02/23/2013 Books Reserve
    Dewey Decimal Classification     Law Development Centre Main Library Law Development Centre Main Library Text Books and Laws 02/23/2013   344.046 GAR 4271/2013 02/23/2013 5 02/23/2013 Books Reserve